Мировоззрение, естествознание, теология

গ্রন্থ-পঞ্জীর বিবরন
প্রধান লেখক: Скибицкий М. М. Марк Михайлович
ভাষা:রুশ
প্রকাশিত: Москва, Политиздат, 1986
বিষয়গুলি:
বিন্যাস: গ্রন্থ
KOHA link:https://koha.lib.tpu.ru/cgi-bin/koha/opac-detail.pl?biblionumber=277258

MARC

LEADER 00000nam0a2200000 4500
001 277258
005 20231101235011.0
020 |a RU  |b 86-21138 
035 |a (RuTPU)RU\TPU\book\300531 
090 |a 277258 
100 |a 20141201d1986 km y0rusy5003 ca 
101 0 |a rus 
102 |a RU 
105 |a y z 000zy 
200 1 |a Мировоззрение, естествознание, теология  |f М. М. Скибицкий 
210 |a Москва  |c Политиздат  |d 1986 
215 |a 223 с. 
606 1 |a Экология и религия  |2 stltpush  |3 (RuTPU)RU\TPU\subj\26540  |9 50444 
610 1 |a естествознание 
610 1 |a религия 
610 1 |a теология 
610 1 |a мировоззрение 
610 1 |a биология 
686 |a Э212.4  |v LBC/SL-A  |2 rubbk 
700 1 |a Скибицкий  |b М. М.  |g Марк Михайлович  |4 070 
801 0 |a RU  |b RuMRKP  |c 19950704  |g psbo 
801 1 |a RU  |b 63413507  |c 20141201 
801 2 |a RU  |b 63413507  |c 20171220  |g RCR 
942 |c BK